| 000 | 00483cam a22001934a 4500 | ||
|---|---|---|---|
| 005 | 20250605164253.0 | ||
| 008 | 250528s ||||||||||||||||||||||||d | ||
| 035 | _a21827 | ||
| 040 |
_aGR-AtMCL _bgre _dGR-AtMCL _eAACR2 |
||
| 245 | 1 | _aΕΙΣΑΓΩΓΗ ΕΙΣ ΤΗΝ ΔΗΜΟΣΙΟΤΗΤΑ | |
| 250 | _a1 | ||
| 260 |
_bΚεφκς, _c1977 |
||
| 300 | _a157 | ||
| 700 | 1 |
_aDe Plas Bernard _97446 |
|
| 700 | 1 |
_aVerdier Henri _97447 |
|
| 942 | _cBK | ||
| 999 |
_c6886 _d6886 |
||